[Event "Ciutat de Sabadell op"]
[Site "?"]
[Date "2011.08.17"]
[Round "8"]
[White "Perpinya Rofes, LM."]
[Black "Narciso Dublan, M."]
[Result "1-0"]
[WhiteElo "2395"]
[BlackElo "2544"]
[PlyCount "81"]
[EventDate "2011.??.??"]
[EventType "swiss"]
[Source "Chessbase"]
[SourceDate "2011.09.01"]

1. e4 d6 2. d4 Nf6 3. Nc3 g6 4. Nf3 Bg7 5. Be2 O-O 6. O-O Nc6 7. d5 Nb8 8. h3
c6 9. Re1 b6 10. Bg5 h6 11. Bf4 Bb7 12. Qd2 Kh7 13. Rad1 Qc8 14. Qe3 Na6 15.
dxc6 Qxc6 16. Nd4 Qc5 17. e5 dxe5 18. Bxe5 Nb4 19. Bf3 Bxf3 20. Qxf3 Rad8 21.
a3 Nbd5 22. Nb3 Qc6 23. Bxf6 Qxf6 24. Rxd5 Qxf3 25. gxf3 Rxd5 26. Nxd5 Bxb2 27.
Rxe7 Rd8 28. Ne3 Kg7 29. Rxa7 b5 30. Kf1 Re8 31. a4 bxa4 32. Rxa4 Bf6 33. Nd5
Bb2 34. Ra2 Be5 35. c4 Rb8 36. Nc5 Bd4 37. Nd3 Rb1+ 38. Ke2 Rh1 39. c5 Bxc5 40.
Nxc5 Rxh3 41. Ra7 1-0

[Event "Ciutat de Sabadell op"]
[Site "?"]
[Date "2011.08.17"]
[Round "8"]
[White "Randazzo, A."]
[Black "Gomez Jurado, LA."]
[Result "1-0"]
[WhiteElo "2226"]
[BlackElo "2353"]
[PlyCount "43"]
[EventDate "2011.??.??"]
[EventType "swiss"]
[Source "Chessbase"]
[SourceDate "2011.09.01"]

1. e4 c6 2. d4 d5 3. f3 dxe4 4. fxe4 e5 5. Nf3 exd4 6. Bc4 Be6 7. Bxe6 fxe6 8.
O-O Be7 9. Nxd4 Qd6 10. Bf4 Qd7 11. Qh5+ g6 12. Qe5 Bf6 13. Qxe6+ Qxe6 14. Nxe6
Bxb2 15. Nc7+ Kd8 16. Nxa8 Na6 17. Na3 Bd4+ 18. Kh1 Bxa1 19. Rxa1 Nf6 20. Rd1+
Kc8 21. Nc4 Nxe4 22. Ncb6+ 1-0

[Event "Ciutat de Sabadell op"]
[Site "?"]
[Date "2011.08.17"]
[Round "8"]
[White "Vega Gutierrez, B."]
[Black "Soumya, S."]
[Result "1/2-1/2"]
[WhiteElo "2227"]
[BlackElo "2338"]
[PlyCount "56"]
[EventDate "2011.??.??"]
[EventType "swiss"]
[Source "Chessbase"]
[SourceDate "2011.09.01"]

1. e4 c5 2. Nf3 d6 3. d4 cxd4 4. Nxd4 Nf6 5. Nc3 a6 6. Be2 e6 7. O-O Be7 8. Kh1
Nc6 9. f4 Qc7 10. Be3 O-O 11. Qe1 Nxd4 12. Bxd4 b5 13. a3 Bb7 14. Qg3 Rad8 15.
Rad1 Rd7 16. Bf3 Qd8 17. Rd3 g6 18. Rfd1 Ne8 19. Qh3 Bf6 20. e5 Bxf3 21. Qxf3
Be7 22. Qc6 d5 23. Bb6 Nc7 24. Bxc7 Qxc7 25. Qxa6 b4 26. axb4 Bxb4 27. Qb5 Be7
28. Rc1 f6 1/2-1/2

[Event "Ciutat de Sabadell op"]
[Site "?"]
[Date "2011.08.17"]
[Round "8"]
[White "Vega Gutierrez, S."]
[Black "Campos Olaya, I."]
[Result "1-0"]
[WhiteElo "2285"]
[BlackElo "2166"]
[PlyCount "63"]
[EventDate "2011.??.??"]
[EventType "swiss"]
[Source "Chessbase"]
[SourceDate "2011.09.01"]

1. e4 Nf6 2. e5 Nd5 3. c4 Nb6 4. d4 d6 5. f4 dxe5 6. fxe5 Bf5 7. Nc3 e6 8. Be3
Be7 9. Nf3 Nc6 10. d5 exd5 11. cxd5 Nb4 12. Nd4 Bd7 13. Qf3 c5 14. Nf5 Nc2+ 15.
Kf2 Bxf5 16. Qxf5 Nxe3 17. Bb5+ Kf8 18. Kxe3 Nxd5+ 19. Nxd5 Qxd5 20. Rad1 g6
21. Rxd5 gxf5 22. Rf1 Rd8 23. Bc4 Bg5+ 24. Kd3 Kg7 25. Rxf5 Kg6 26. Ke4 f6 27.
e6 Rhe8 28. Rxd8 Rxd8 29. Rxc5 f5+ 30. Rxf5 Rd4+ 31. Kxd4 Kxf5 32. Kd5 1-0

[Event "Ciutat de Sabadell op"]
[Site "?"]
[Date "2011.08.18"]
[Round "9"]
[White "Alarcon Casellas, R."]
[Black "Iturrizaga Bonelli, E."]
[Result "0-1"]
[WhiteElo "2453"]
[BlackElo "2603"]
[PlyCount "88"]
[EventDate "2011.??.??"]
[EventType "swiss"]
[Source "Chessbase"]
[SourceDate "2011.09.01"]

1. e4 c5 2. Nf3 g6 3. d4 cxd4 4. Qxd4 Nf6 5. e5 Nc6 6. Qa4 Nd5 7. Qb3 Nc7 8.
Bd2 Bg7 9. Bc3 b5 10. a3 O-O 11. h4 a6 12. h5 d6 13. exd6 Be6 14. dxc7 Qxc7 15.
Bxg7 Bxb3 16. Bxf8 Bd5 17. Bh6 Bxf3 18. Nc3 Nd4 19. Rc1 Nf5 20. gxf3 Nxh6 21.
hxg6 hxg6 22. Bd3 Qe5+ 23. Kf1 Nf5 24. Re1 Qf4 25. Nd5 Qd6 26. Bxf5 Qxd5 27.
Be4 Qc4+ 28. Bd3 Qc5 29. Re4 Rd8 30. Reh4 Kg7 31. Rh7+ Kf6 32. R1h4 e5 33. Kg2
Rd4 34. Rh3 Rf4 35. Rh8 Qd4 36. Ra8 Qd6 37. Rg3 Rh4 38. Rg8 Qd4 39. Ra8 Qd6 40.
b4 Qc6 41. Be4 Rxe4 42. Rg8 Rh4 43. Ra8 Kg7 44. Ra7 Rh6 0-1

[Event "Ciutat de Sabadell op"]
[Site "?"]
[Date "2011.08.18"]
[Round "9"]
[White "Alonso Moyano, J."]
[Black "Randazzo, A."]
[Result "0-1"]
[WhiteElo "2426"]
[BlackElo "2226"]
[PlyCount "86"]
[EventDate "2011.??.??"]
[EventType "swiss"]
[Source "Chessbase"]
[SourceDate "2011.09.01"]

1. e4 c5 2. Nc3 d6 3. f4 g6 4. d4 cxd4 5. Qxd4 Nf6 6. Bd3 Nc6 7. Qf2 Bg7 8. Nf3
Bd7 9. h3 Qa5 10. O-O Nb4 11. Be3 Nxd3 12. cxd3 O-O 13. g4 Bc6 14. Qh4 b5 15.
Ne2 b4 16. Ned4 Bd7 17. f5 Qa6 18. Rad1 Bb5 19. Nxb5 Qxb5 20. Rd2 Rac8 21. Bxa7
Ra8 22. Bd4 Rxa2 23. fxg6 fxg6 24. Ng5 h6 25. Ne6 g5 26. Qg3 Rf7 27. Rf5 Qd7
28. Nxg7 Kxg7 29. Rdf2 Ra1+ 30. Kh2 Qc6 31. Be3 Qa4 32. Qf3 Qd1 33. Qxd1 Rxd1
34. Bd2 e6 35. Rxf6 Rxf6 36. Re2 b3 37. e5 dxe5 38. Bc3 Kf7 39. Kg2 Rxd3 40.
Rxe5 Rff3 41. Rb5 Rg3+ 42. Kf2 Rdf3+ 43. Ke2 Rxc3 0-1

[Event "Ciutat de Sabadell op"]
[Site "?"]
[Date "2011.08.18"]
[Round "9"]
[White "Cordova Daza, E."]
[Black "Muñoz Pantoja, M."]
[Result "0-1"]
[WhiteElo "2567"]
[BlackElo "2482"]
[PlyCount "111"]
[EventDate "2011.??.??"]
[EventType "swiss"]
[Source "Chessbase"]
[SourceDate "2011.09.01"]

1. d4 Nf6 2. c4 g6 3. Nc3 Bg7 4. e4 d6 5. Be2 O-O 6. Bg5 Na6 7. f4 c6 8. Bf3
Qb6 9. Qd2 e5 10. fxe5 dxe5 11. d5 Nc5 12. b3 cxd5 13. cxd5 a5 14. Be3 Bd7 15.
Nge2 Rfc8 16. O-O Bh6 17. Bxh6 Ncxe4+ 18. Be3 Nxd2 19. Bxb6 e4 20. Bxe4 Nfxe4
21. Nxe4 Nxe4 22. Rfc1 a4 23. b4 Bg4 24. Ng3 Nxg3 25. hxg3 Rxc1+ 26. Rxc1 Re8
27. Rc7 Re1+ 28. Kh2 Rd1 29. Rxb7 Rxd5 30. Be3 Kg7 31. b5 Rd7 32. Rb8 Be6 33.
a3 f6 34. b6 Bd5 35. g4 Kf7 36. Kg3 Ke6 37. Rc8 Bb7 38. Rc3 h5 39. gxh5 gxh5
40. Kf2 Bd5 41. g3 Rh7 42. Rc5 h4 43. gxh4 Rxh4 44. Ra5 Bc6 45. Ra7 Rh2+ 46.
Kg3 Rb2 47. Rc7 Bd5 48. Bc5 Rb5 49. Kf4 Bh1 50. Be3 Rf5+ 51. Kg4 Rb5 52. Kf4
Rf5+ 53. Kg4 Rb5 54. Bd4 Bd5 55. Ra7 Bc6 56. Rc7 0-1

[Event "Ciutat de Sabadell op"]
[Site "?"]
[Date "2011.08.18"]
[Round "9"]
[White "Gonzalez Vidal, Y."]
[Black "Almeida Quintana, O."]
[Result "1/2-1/2"]
[WhiteElo "2503"]
[BlackElo "2548"]
[PlyCount "28"]
[EventDate "2011.??.??"]
[EventType "swiss"]
[Source "Chessbase"]
[SourceDate "2011.09.01"]

1. b3 d5 2. Bb2 Bg4 3. g3 Nf6 4. Bg2 e6 5. Nf3 Nbd7 6. O-O Bd6 7. c4 c6 8. d3
O-O 9. Nbd2 Qe7 10. a3 a5 11. h3 Bxf3 12. Nxf3 e5 13. Nh4 g6 14. e4 dxe4
1/2-1/2

[Event "Ciutat de Sabadell op"]
[Site "?"]
[Date "2011.08.18"]
[Round "9"]
[White "Jaksland, T."]
[Black "Valencia Jimenez, J."]
[Result "1-0"]
[WhiteElo "2304"]
[BlackElo "2032"]
[PlyCount "78"]
[EventDate "2011.??.??"]
[EventType "swiss"]
[Source "Chessbase"]
[SourceDate "2011.09.01"]

1. e4 g6 2. Nc3 Bg7 3. Bc4 c5 4. d3 Nc6 5. f4 d6 6. Nf3 e6 7. O-O Nge7 8. Qe1
O-O 9. f5 d5 10. Bb3 Nd4 11. Qh4 Nec6 12. Qxd8 Rxd8 13. fxg6 hxg6 14. Bg5 f6
15. Bh4 Nxb3 16. axb3 g5 17. Bf2 b6 18. h3 d4 19. Ne2 Nb4 20. Rfc1 Bb7 21. Be1
Nc6 22. Bd2 Rd7 23. Ng3 Bh6 24. Rf1 a5 25. e5 Nxe5 26. Nxe5 fxe5 27. Rf6 Bg7
28. Rxe6 Ra6 29. Rf1 a4 30. bxa4 Bd5 31. Re8+ Kh7 32. b3 Kg6 33. Nf5 Bf6 34.
Ng3 b5 35. axb5 Ra2 36. Rc1 Bxb3 37. cxb3 Rxd2 38. Ne4 Rxd3 39. Nxc5 Kf5 1-0

[Event "Ciutat de Sabadell op"]
[Site "?"]
[Date "2011.08.18"]
[Round "9"]
[White "Jimenez Fraga, PA."]
[Black "Pulvett, D."]
[Result "1-0"]
[WhiteElo "2464"]
[BlackElo "2303"]
[PlyCount "72"]
[EventDate "2011.??.??"]
[EventType "swiss"]
[Source "Chessbase"]
[SourceDate "2011.09.01"]

1. d4 Nf6 2. Nf3 g6 3. c4 Bg7 4. Nc3 O-O 5. e4 d6 6. h3 e5 7. d5 a5 8. Be3 Na6
9. g4 Nc5 10. Nd2 Bd7 11. Be2 c6 12. g5 Ne8 13. h4 cxd5 14. cxd5 a4 15. a3 Qa5
16. h5 b5 17. Bxc5 dxc5 18. Bg4 Qd8 19. Qf3 Nd6 20. Ne2 Bxg4 21. Qxg4 Qc8 22.
Qh4 Re8 23. Rc1 c4 24. Rc3 Nb7 25. Rf3 Ra6 26. Kf1 Kf8 27. Qg3 Kg8 28. Qh2 Nc5
29. hxg6 hxg6 30. Rh3 Kf8 31. Rh7 c3 32. Nxc3 Qg4 33. Rxg7 Qxg5 34. Qh8+ Ke7
35. Rxf7+ Kd8 36. Rf8 Ra8 1-0

[Event "Ciutat de Sabadell op"]
[Site "?"]
[Date "2011.08.18"]
[Round "9"]
[White "Soumya, S."]
[Black "Schmidt, R."]
[Result "1-0"]
[WhiteElo "2338"]
[BlackElo "2138"]
[PlyCount "105"]
[EventDate "2011.??.??"]
[EventType "swiss"]
[Source "Chessbase"]
[SourceDate "2011.09.01"]

1. e4 e6 2. d4 d5 3. e5 c5 4. c3 Qb6 5. Nf3 Nc6 6. a3 c4 7. Be2 Na5 8. Nbd2 Bd7
9. O-O Ne7 10. Rb1 Qc7 11. Re1 Nc8 12. Nf1 Nb6 13. Bf4 h6 14. h4 g6 15. Qc1
O-O-O 16. N1h2 Nb3 17. Qe3 Ba4 18. Bf1 Kb8 19. Ng4 h5 20. Nf6 Na5 21. Re2 Nc6
22. g3 Ka8 23. Bh3 Rb8 24. Ne1 Nc8 25. Ng2 b5 26. f3 a5 27. g4 hxg4 28. fxg4 b4
29. axb4 axb4 30. Ra1 Nb6 31. Bg5 Kb7 32. Nf4 Bb5 33. Bg2 Ne7 34. Ree1 b3 35.
Kf2 Ra8 36. Rxa8 Kxa8 37. Ra1+ Kb7 38. Bh3 Na4 39. Qd2 Qb6 40. h5 gxh5 41. gxh5
Bc6 42. Bg4 Qd8 43. Rh1 Qb6 44. h6 Qa5 45. h7 Bg7 46. N4h5 Bf8 47. Nf4 Bg7 48.
Bh5 Nc5 49. dxc5 Qxc5+ 50. Qd4 Qxd4+ 51. cxd4 Nf5 52. Bxf7 Nxd4 53. Ng6 1-0

[Event "Ct. Catalunya Absolut Final"]
[Site "?"]
[Date "2011.05.14"]
[Round "1"]
[White "Alonso Rosell, A."]
[Black "Fernandez Perez, D."]
[Result "1-0"]
[WhiteElo "2493"]
[BlackElo "2225"]
[PlyCount "67"]
[EventDate "2011.??.??"]
[EventType "swiss"]

1. d4 Nf6 2. Nf3 c5 3. d5 e6 4. c4 exd5 5. cxd5 d6 6. e4 g6 7. h3 Bg7 8. Bd3
O-O 9. O-O Re8 10. Nbd2 a6 11. a4 Nbd7 12. Re1 Nh5 13. Nc4 Nb6 14. Nxb6 Qxb6
15. Nd2 Bd4 16. Nc4 Qd8 17. Be3 Bxe3 18. Rxe3 b6 19. Be2 Nf6 20. Bf3 Rb8 21.
Qe2 b5 22. axb5 axb5 23. Nxd6 Qxd6 24. e5 Qb6 25. exf6 Rxe3 26. Qxe3 Qxf6 27.
Qxc5 Qxb2 28. Re1 Bf5 29. g4 Rc8 30. Qe7 Qc3 31. Kg2 Bc2 32. d6 Qa5 33. d7 Rd8
34. Qxd8+ 1-0

[Event "Ct. Catalunya Absolut Final"]
[Site "?"]
[Date "2011.05.14"]
[Round "1"]
[White "Capellades Subirana, M."]
[Black "Vila Gazquez, X."]
[Result "0-1"]
[WhiteElo "2222"]
[BlackElo "2494"]
[PlyCount "122"]
[EventDate "2011.??.??"]
[EventType "swiss"]

1. e4 c5 2. Nf3 e6 3. d4 cxd4 4. Nxd4 Nc6 5. Nc3 Qc7 6. Be3 a6 7. a4 Nf6 8. Bd3
Ne5 9. f3 Bb4 10. Nde2 d5 11. O-O dxe4 12. Nxe4 Nxe4 13. Bxe4 Nc4 14. Bc1 O-O
15. Ng3 Bd6 16. b3 Be5 17. Rb1 Qb6+ 18. Kh1 f5 19. Bd3 Ne3 20. Bxe3 Qxe3 21.
Re1 Qc5 22. Qe2 Bc3 23. Red1 Qe5 24. Qxe5 Bxe5 25. Bc4 Bc7 26. Re1 Kf7 27. Re2
g6 28. Rd1 Rd8 29. Rxd8 Bxd8 30. Rd2 Ke7 31. Kg1 Bd7 32. Rd1 h5 33. Ne2 Bc7 34.
h3 g5 35. Kf1 Be5 36. Nd4 h4 37. Ke2 Rd8 38. Ke3 Be8 39. c3 Bd7 40. Rd3 Rc8 41.
Ke2 Rc5 42. Re3 Bf4 43. Bxe6 Bxe3 44. Bxd7 Rxc3 45. Nxf5+ Kxd7 46. Nxe3 Rxb3
47. Nc4 Rc3 48. Nd2 Ra3 49. Ne4 Kc6 50. Nxg5 Rxa4 51. Ke3 Ra2 52. f4 Rxg2 53.
Nf3 Rg3 54. Ke4 Rxh3 55. Nd4+ Kd7 56. f5 Rh1 57. f6 Rf1 58. Nf5 h3 59. f7 Rxf5
60. Kxf5 Ke7 61. Kg6 Kf8 0-1

[Event "Ct. Catalunya Absolut Final"]
[Site "?"]
[Date "2011.05.14"]
[Round "1"]
[White "Fluvia Poyatos, Joan"]
[Black "Arias Boo, G."]
[Result "1-0"]
[WhiteElo "2472"]
[BlackElo "2323"]
[PlyCount "153"]
[EventDate "2011.??.??"]
[EventType "swiss"]

1. e4 e5 2. Nf3 Nc6 3. Bb5 f5 4. d3 fxe4 5. dxe4 Nf6 6. O-O Bc5 7. Qd3 Nd4 8.
Nxd4 Bxd4 9. c3 Bb6 10. Na3 O-O 11. Nc4 d6 12. Nxb6 axb6 13. Bg5 Be6 14. Bc4
Bxc4 15. Qxc4+ Kh8 16. a4 Qd7 17. Ra3 Qf7 18. Qxf7 Rxf7 19. f3 Nd7 20. Rfa1
Rff8 21. a5 Rxa5 22. Rxa5 bxa5 23. Rxa5 Kg8 24. Be3 Kf7 25. Kf2 Ke6 26. Ke2 Nf6
27. c4 Rb8 28. b4 Nd7 29. g3 g6 30. f4 Nf6 31. Kf3 Nd7 32. Ra7 Nf6 33. h3 h5
34. Ke2 Nd7 35. Kd3 Nf6 36. h4 Ng4 37. Bd2 Nf2+ 38. Ke3 Ng4+ 39. Ke2 Nf6 40.
Kf3 c6 41. Ra5 Ng4 42. b5 Rf8 43. Ke2 Nf6 44. Kd3 Nd7 45. Be3 Rb8 46. Ra7 d5
47. bxc6 bxc6 48. Rc7 dxe4+ 49. Kxe4 Nf6+ 50. Kd3 e4+ 51. Ke2 Rb2+ 52. Ke1 Ng4
53. Bd4 Rc2 54. Rxc6+ Kd7 55. Kd1 Rg2 56. Rxg6 Rxg3 57. Ke1 Rd3 58. Bb6 Rc3 59.
c5 Rc2 60. Rd6+ Ke7 61. f5 Rc1+ 62. Ke2 Rc2+ 63. Ke1 Rc1+ 64. Kd2 Rc4 65. Re6+
Kd7 66. Rd6+ Ke7 67. Bd8+ Ke8 68. c6 e3+ 69. Kd1 Re4 70. c7 Rc4 71. Ke2 Rc2+
72. Kd1 Rc5 73. f6 Kf7 74. Rd7+ Ke8 75. f7+ Kxd7 76. f8=Q Rd5+ 77. Ke1 1-0

[Event "Ct. Catalunya Absolut Final"]
[Site "?"]
[Date "2011.05.14"]
[Round "1"]
[White "Narciso Dublan, M."]
[Black "Martinez Ramirez, E."]
[Result "1-0"]
[WhiteElo "2532"]
[BlackElo "2206"]
[PlyCount "113"]
[EventDate "2011.??.??"]
[EventType "swiss"]

1. d4 Nf6 2. c4 g6 3. Nc3 d5 4. Nf3 Bg7 5. e3 O-O 6. b4 b6 7. Ba3 c5 8. bxc5
bxc5 9. Rc1 cxd4 10. Nxd4 Re8 11. cxd5 Nxd5 12. Nxd5 Qxd5 13. Qb3 Qxb3 14. Nxb3
Ba6 15. Na5 e6 16. Be2 Bxe2 17. Kxe2 Nd7 18. Rc2 Nb6 19. Rhc1 Bf8 20. Bxf8 Kxf8
21. g4 h6 22. h4 Rac8 23. g5 hxg5 24. hxg5 Rxc2+ 25. Rxc2 Rd8 26. f4 Nd5 27.
Kf3 Nb4 28. Rb2 Rb8 29. Nc4 Na6 30. Rxb8+ Nxb8 31. Ne5 Ke7 32. Ke4 Na6 33. Nc6+
Kd6 34. Nxa7 Nb4 35. a3 Nd5 36. Nb5+ Kc5 37. Nd4 Nb6 38. Nf3 Nc4 39. Ne5 Nd6+
40. Kd3 Kb5 41. Ng4 Kc5 42. Ne5 Kb5 43. e4 Ka4 44. Nc4 Nb7 45. Kd4 Kb5 46. a4+
Kxa4 47. Ke5 Kb4 48. Nd6 Nc5 49. Nxf7 Kc3 50. Nh8 Kd3 51. Nxg6 Nxe4 52. Nf8 Nf2
53. g6 Ng4+ 54. Kxe6 Ke4 55. f5 Kf4 56. g7 Nh6 57. f6 1-0

[Event "Ct. Catalunya Absolut Final"]
[Site "?"]
[Date "2011.05.14"]
[Round "1"]
[White "Ramon Solans, A."]
[Black "Romero Holmes, A."]
[Result "1-0"]
[WhiteElo "2274"]
[BlackElo "2491"]
[PlyCount "61"]
[EventDate "2011.??.??"]
[EventType "swiss"]

1. d4 e6 2. c4 Bb4+ 3. Bd2 a5 4. Nc3 Nf6 5. f3 Nc6 6. a3 Bxc3 7. Bxc3 d5 8. e3
O-O 9. Bd3 dxc4 10. Bxc4 Nd5 11. Kf2 e5 12. Bxd5 Qxd5 13. dxe5 Qc5 14. f4 Rd8
15. Qh5 Rd6 16. Qe2 Rd5 17. Nf3 Bf5 18. Rhd1 Rad8 19. Rxd5 Qxd5 20. Nd4 Nxd4
21. exd4 Qd7 22. h3 Be6 23. g4 Qa4 24. f5 Bc4 25. Qe3 c5 26. Qg5 f6 27. exf6
Rd7 28. Re1 Qc2+ 29. Kg1 Bd5 30. Re8+ Kf7 31. Re7+ 1-0

[Event "Ct. Catalunya Absolut Final"]
[Site "?"]
[Date "2011.05.14"]
[Round "1"]
[White "Vehi Bach, VM."]
[Black "Fluvia Poyatos, Jordi"]
[Result "1-0"]
[WhiteElo "2402"]
[BlackElo "2469"]
[PlyCount "121"]
[EventDate "2011.??.??"]
[EventType "swiss"]

1. e4 e6 2. d4 d5 3. Nc3 Bb4 4. e5 c5 5. a3 Bxc3+ 6. bxc3 Qa5 7. Bd2 Qa4 8. Qb1
c4 9. Ne2 Nc6 10. g3 Bd7 11. Bg2 O-O-O 12. O-O f6 13. exf6 Nxf6 14. Bf4 Qa5 15.
Qb2 Rhg8 16. Rfb1 b6 17. a4 Ne4 18. f3 g5 19. fxe4 gxf4 20. Nxf4 dxe4 21. Re1
e5 22. dxe5 Qxe5 23. Rxe4 Qc5+ 24. Kh1 Rge8 25. Qb5 Qxb5 26. axb5 Na5 27. Rae1
Bxb5 28. Ne6 Bc6 29. Nxd8 Bxe4 30. Bxe4 Kxd8 31. Rd1+ Ke7 32. Bxh7 Kf6 33. Rd6+
Ke5 34. Rd4 Rf8 35. Kg2 b5 36. Be4 Rc8 37. Kf3 Nc6 38. Rd5+ Ke6 39. Rxb5 Ne5+
40. Ke3 Rc7 41. Kd4 Nc6+ 42. Bxc6 Rxc6 43. Rc5 Rd6+ 44. Kxc4 Rd2 45. h4 Rxc2
46. g4 Rg2 47. Rg5 Rg3 48. h5 Kf6 49. Rf5+ Ke6 50. Rg5 Kf6 51. Rf5+ Ke6 52. Rf4
a5 53. h6 a4 54. g5 Rxg5 55. Rh4 Rg8 56. h7 Rh8 57. Kb4 Kf6 58. Kxa4 Kg7 59. c4
Ra8+ 60. Kb5 Rh8 61. c5 1-0

[Event "Ct. Catalunya Absolut Final"]
[Site "?"]
[Date "2011.05.15"]
[Round "2"]
[White "Alsina Leal, D."]
[Black "Marin Benito, C."]
[Result "1-0"]
[WhiteElo "2545"]
[BlackElo "1860"]
[PlyCount "43"]
[EventDate "2011.??.??"]
[EventType "swiss"]

1. e4 e5 2. Nf3 Nc6 3. Bb5 g6 4. d4 exd4 5. c3 dxc3 6. Nxc3 Bg7 7. Bg5 Nge7 8.
Nd5 h6 9. Bf6 Bxf6 10. Nxf6+ Kf8 11. Qd2 Ng8 12. Nd5 Nce7 13. Qc3 Rh7 14. Nxc7
Rb8 15. O-O a6 16. Be2 b5 17. a4 b4 18. Qc2 Rb6 19. Nd4 a5 20. Rfd1 Nf6 21. Qc5
Rb7 22. Nde6+ 1-0

[Event "Ct. Catalunya Absolut Final"]
[Site "?"]
[Date "2011.05.15"]
[Round "2"]
[White "Fernandez Perez, D."]
[Black "Alonso Rosell, A."]
[Result "0-1"]
[WhiteElo "2225"]
[BlackElo "2493"]
[PlyCount "70"]
[EventDate "2011.??.??"]
[EventType "swiss"]

1. d4 d5 2. Nf3 Nf6 3. e3 c5 4. c3 Qc7 5. Nbd2 g6 6. Bd3 Bg7 7. O-O O-O 8. Re1
Bf5 9. Bxf5 gxf5 10. b3 cxd4 11. cxd4 Nc6 12. Bb2 Rac8 13. Rc1 Qa5 14. a3 e6
15. Rc5 Qb6 16. Qc2 Nd7 17. Rc3 Ne7 18. Rc1 Rxc3 19. Qxc3 Rc8 20. Qd3 Rxc1+ 21.
Bxc1 Nc6 22. Bb2 Bf8 23. g3 Qa5 24. Nb1 Bd6 25. Kg2 Nf6 26. Ne5 Bxe5 27. dxe5
Ng4 28. Nd2 Ngxe5 29. Qe2 d4 30. e4 fxe4 31. Nxe4 Qd5 32. Kh3 Kg7 33. f4 Ng6
34. Nd2 Qf5+ 35. Kg2 Qc2 0-1

[Event "Ct. Catalunya Absolut Final"]
[Site "?"]
[Date "2011.05.15"]
[Round "2"]
[White "Fluvia Poyatos, Jordi"]
[Black "Vehi Bach, VM."]
[Result "1-0"]
[WhiteElo "2469"]
[BlackElo "2402"]
[PlyCount "71"]
[EventDate "2011.??.??"]
[EventType "swiss"]

1. Nf3 Nf6 2. g3 d5 3. Bg2 c6 4. b3 Bf5 5. Ba3 g6 6. O-O Bg7 7. Bb2 O-O 8. c4
Be4 9. d3 Bxf3 10. Bxf3 Re8 11. Nd2 e5 12. Qc2 a5 13. a3 Nbd7 14. b4 Qe7 15.
Qc3 Nb6 16. Qb3 e4 17. dxe4 dxe4 18. Bg2 a4 19. Qe3 Nbd7 20. h3 h5 21. Rad1 Qe6
22. Bd4 Kh7 23. Nxe4 Qxc4 24. Qf4 Nxe4 25. Bxg7 Kxg7 26. Rxd7 b5 27. Rc1 Qe6
28. Rc7 Qf6 29. Qxf6+ Kxf6 30. R1xc6+ Kg7 31. Rd7 Nf6 32. Rdd6 Ne4 33. Rd4 Ng5
34. e3 Ne6 35. Rd5 Rab8 36. Bf1 1-0

[Event "Ct. Catalunya Absolut Final"]
[Site "?"]
[Date "2011.05.15"]
[Round "2"]
[White "Jerez Perez, A."]
[Black "Gual Pascual, A."]
[Result "1/2-1/2"]
[WhiteElo "2415"]
[BlackElo "2446"]
[PlyCount "56"]
[EventDate "2011.??.??"]
[EventType "swiss"]

1. e4 e6 2. d4 d5 3. Nd2 c5 4. Ngf3 a6 5. exd5 exd5 6. Be2 c4 7. O-O Bd6 8. Re1
Ne7 9. b3 cxb3 10. axb3 O-O 11. Ba3 Bxa3 12. Rxa3 Qd6 13. Ra2 Nbc6 14. c3 Bf5
15. b4 Ng6 16. g3 Rae8 17. Bf1 Na7 18. Ra5 Bd7 19. Ra1 Bb5 20. Qb3 Bxf1 21.
Nxf1 Nb5 22. Ne3 Ne7 23. Ne5 Rc8 24. Rac1 Rc7 25. Rc2 Rfc8 26. Rec1 Rd8 27. Nd3
b6 28. Nf4 g5 1/2-1/2

[Event "Ct. Catalunya Absolut Final"]
[Site "?"]
[Date "2011.05.15"]
[Round "2"]
[White "Martinez Ramirez, E."]
[Black "Narciso Dublan, M."]
[Result "1/2-1/2"]
[WhiteElo "2206"]
[BlackElo "2532"]
[PlyCount "47"]
[EventDate "2011.??.??"]
[EventType "swiss"]

1. e4 c6 2. d4 d5 3. Nd2 dxe4 4. Nxe4 Nf6 5. Nxf6+ exf6 6. c3 Bd6 7. Bd3 O-O 8.
Qc2 Re8+ 9. Ne2 g6 10. Be3 Be6 11. h4 Nd7 12. h5 f5 13. O-O-O Nf6 14. Bg5 Be7
15. Bxf6 Bxf6 16. Kb1 Qd6 17. Ka1 Bg7 18. Rh4 Re7 19. Rdh1 g5 20. R4h2 h6 21.
f4 g4 22. Rf1 Rae8 23. Ng3 c5 24. Qd2 1/2-1/2

[Event "Ct. Catalunya Absolut Final"]
[Site "?"]
[Date "2011.05.15"]
[Round "2"]
[White "Vila Gazquez, X."]
[Black "Capellades Subirana, M."]
[Result "1-0"]
[WhiteElo "2494"]
[BlackElo "2222"]
[PlyCount "97"]
[EventDate "2011.??.??"]
[EventType "swiss"]

1. e4 e5 2. Bc4 Nc6 3. Nc3 Nf6 4. d3 Bc5 5. Bg5 h6 6. Bh4 Be7 7. Nge2 d6 8. O-O
Be6 9. Bg3 h5 10. h3 g5 11. Bxe6 fxe6 12. d4 exd4 13. Nxd4 e5 14. Nf5 Qd7 15.
Qe2 O-O-O 16. Rad1 Rdf8 17. b4 h4 18. Bh2 g4 19. hxg4 Nd4 20. Nxd4 exd4 21.
Rxd4 Nxg4 22. Nd5 Nxh2 23. Kxh2 c6 24. Ne3 Bf6 25. Rd3 Be5+ 26. Kg1 Rhg8 27.
Nf5 d5 28. c4 Qe8 29. Kh1 Bc7 30. cxd5 Rxf5 31. d6 Bxd6 32. Rxd6 Rfg5 33. Rg1
Qe7 34. Qd3 Kc7 35. Rd4 Qe6 36. Qf3 Kb6 37. a4 a6 38. a5+ Ka7 39. Qe3 Kb8 40.
Rgd1 Qf6 41. Rd6 Qh8 42. Qb6 Rd5 43. exd5 h3 44. g3 Qh5 45. Rd8+ Rxd8 46. Qxd8+
Ka7 47. Qb6+ Kb8 48. Rg1 h2 49. Re1 1-0

[Event "Ct. Catalunya Absolut Final"]
[Site "?"]
[Date "2011.05.16"]
[Round "3"]
[White "Fluvia Poyatos, Jordi"]
[Black "Narciso Dublan, M."]
[Result "1-0"]
[WhiteElo "2469"]
[BlackElo "2532"]
[PlyCount "96"]
[EventDate "2011.??.??"]
[EventType "swiss"]

1. d4 d5 2. c4 c6 3. e3 Nf6 4. Bd3 e5 5. dxe5 dxc4 6. Be2 Qxd1+ 7. Bxd1 Ng4 8.
f4 Bc5 9. Ke2 Bf5 10. Nc3 f6 11. h3 Bd3+ 12. Kf3 h5 13. g3 Nh6 14. exf6 gxf6
15. e4 f5 16. e5 Rg8 17. Be3 Na6 18. Bxc5 Nxc5 19. Kf2 h4 20. gxh4 Ne4+ 21.
Nxe4 fxe4 22. Bg4 Ke7 23. Ne2 Raf8 24. Raf1 Nxg4+ 25. hxg4 Rxg4 26. h5 Ke6 27.
h6 Rh8 28. Rh5 c5 29. h7 Rg7 30. Rh6+ Ke7 31. Rfh1 e3+ 32. Kxe3 Rhxh7 33. Rxh7
Bxh7 34. Nc3 Bf5 35. Ne4 Rg2 36. Nd6 Bd3 37. f5 Re2+ 38. Kf4 Rf2+ 39. Kg4 Bxf5+
40. Nxf5+ Ke6 41. Re1 Rxf5 42. Rc1 b5 43. a4 a6 44. Rh1 Rxe5 45. Rh6+ Kd5 46.
Rxa6 b4 47. Ra8 c3 48. bxc3 bxc3 1-0

[Event "Ct. Catalunya Absolut Final"]
[Site "?"]
[Date "2011.05.16"]
[Round "3"]
[White "Gual Pascual, A."]
[Black "Alsina Leal, D."]
[Result "1/2-1/2"]
[WhiteElo "2446"]
[BlackElo "2545"]
[PlyCount "103"]
[EventDate "2011.??.??"]
[EventType "swiss"]

1. e4 e6 2. d3 d5 3. Nd2 Nf6 4. Ngf3 b6 5. c3 Be7 6. Qa4+ c6 7. e5 Nfd7 8. Qg4
g6 9. h4 h5 10. Qf4 c5 11. Ng5 Bxg5 12. hxg5 Nc6 13. Nf3 Qc7 14. g4 Ba6 15.
gxh5 gxh5 16. Qa4 Ncxe5 17. Nxe5 Qxe5+ 18. Be3 d4 19. cxd4 cxd4 20. Qxd4 Rc8
21. f4 Qxd4 22. Bxd4 f6 23. Kd2 Bb7 24. Rh4 e5 25. Re1 O-O 26. Bh3 Rcd8 27.
fxe5 fxe5 28. Bxe5 Rf2+ 29. Kc3 Nxe5 30. Rxe5 Rf3 31. Bf5 Bc8 32. Be4 Rh3 33.
Rf4 Ba6 34. Bf5 Rg3 35. Rd4 Rxd4 36. Kxd4 h4 37. g6 h3 38. Re8+ Kg7 39. Re7+
Kf6 40. Rf7+ Kg5 41. g7 Kh6 42. g8=Q Rxg8 43. Bxh3 Rg3 44. Bf5 Rf3 45. Rh7+ Kg5
46. Be4 Rf2 47. Rxa7 Bc8 48. Rg7+ Kh4 49. Rg2 Rf1 50. Ke5 Bg4 51. Rc2 Ra1 52.
a3 1/2-1/2